Ošetrujte jablone proti červivosti jabĺk

Bibliographic Details
Main Author: Vielwerth, Vladimír, 1891-1968 (Author)
Format: Article
Language:Slovak

MARC

LEADER 00000nab a2200000uu 4500
001 vtls010912007
003 SK-MaSNL
005 20260303142725.0
008 230222|1933 xo |||||||||||||||||slo|
015 |a SNBRB 
035 |a (urnnbn)urn:nbn:sk:snk:ar-a086ju 
035 |a (uuid)9873b2dd-a9d9-4d57-828e-c7cabcc0dc68 
035 |a urn:nbn:sk:snk-ab912y 
040 |a SNKBUCL  |b slo  |c SNKBUCL  |e AACR2 
041 0 |a slo 
044 |a xo  |c SK 
100 1 |a Vielwerth, Vladimír,  |d 1891-1968  |4 aut  |9 69991 
245 1 0 |a Ošetrujte jablone proti červivosti jabĺk  |c Vl. Vielwerth 
773 0 |t Slovenské ovocinárstvo : odborný časopis pre povznesenie ovocinárstva, vinohradníctva a záhradníctva : orgán Slovenskej ovocinárskej spoločnosti a jej odbočiek  |g Roč. 10, č. 217-218 (1933), s. 72-73 
954 |a odborná, vedecká literatúra pôvodná (slovenská)  |2 lita 
958 |a OND 
958 |a EUIPO 
958 |a article10 
999 |c 1985641  |d 1987571